| 000 | 00368nam a2200145Ia 4500 | ||
|---|---|---|---|
| 008 | 230917s9999||||xx |||||||||||||| ||und|| | ||
| 040 |
_e132741 _aMAIN |
||
| 041 | _aEnglish | ||
| 082 | _a658.3 S57I | ||
| 100 | _aSengupta, Nilanjan | ||
| 245 | 0 | _aInternational human resource management | |
| 260 |
_aNew Delhi _bExcel Books _c2007 |
||
| 300 | _a322 p. | ||
| 942 | _cBK | ||
| 999 |
_c144925 _d144925 |
||